Polskie jedzenie nagła śmierć część 1 - Statystyki

Ogólne statystyki
  • Ten quiz został rozwiązany 97 razy
    65 od ostatniego zresetowania
  • Średni wynik to 19 z 20
Answers on the Grid
Answers color-coded by a green-red scale on the quiz's grid according to % correct below.
Zupa pomidorowa
Zupa Ogórkowa
Sushi
Bigos
Spaghetti
Fasolka po Bretońsku
Pizza
Kotlet schabowy
Ziemniaki
Hamburger
Rosół
Żurek
Frytki
Pyzy
Pierogi
Kotlet mielony
Zapiekanka
KFC
Gulasz tradycyjny polski
Kapuśniak
Shake
Grochówka
Żeberka
Chipsy
Surówka z jabłek
Buraki
McDonald's
Krupnik
Barszcz czerwony
Zapiekanki
 
Statystyki odpowiedzi
Odpowiedź % Poprawnych
30pkt Gulasz tradycyjny polski
100%
30Pkt Fasolka po Bretońsku
98%
70pkt Grochówka
98%
100Pkt Rosół
98%
25pkt Surówka z jabłek
98%
10Pkt Zupa pomidorowa
98%
90Pkt Żurek
98%
45pkt Barszcz czerwony
96%
20Pkt Bigos
96%
100pkt Buraki
96%
50pkt Kotlet mielony
96%
40Pkt Kotlet schabowy
96%
17pkt Krupnik
96%
70pkt Pierogi
96%
67Pkt Pyzy
96%
50pkt Żeberka
96%
200Pkt Ziemniaki
96%
15Pkt Zupa Ogórkowa
96%
40pkt Kapuśniak
95%
45pkt Zapiekanka
95%
Nie znaleziono quizów pasujących do podanych kryteriów
Rozkład punktacji
Procent ludzi z każdym wynikiem
Percentyl według liczby udzielonych odpowiedzi
Twoja historia wyników
Nie rozwiązałeś tego quizu od ostatniego zresetowania